Größte Städte nach Land #9 - Statistiken

Allgemein
  • Dieses Quiz wurde 48 mal gespielt
  • Das Durchschnittsergebnis liegt bei 12 aus 30
Antwortstatistiken
Antwort % Korrekt
Budapest
98%
Kopenhagen
98%
Zagreb
98%
Santiago de Chile
95%
Dubai
93%
Manila
88%
Abu Dhabi
86%
Split
77%
Aarhus
70%
Aalborg
51%
Odense
51%
Rijeka
35%
Debrecen
33%
Zadar
30%
Esbjerg
26%
Szeged
26%
Cebu City
19%
Davao City
19%
Osijek
19%
Pécs
19%
Valparaíso
19%
Schardscha
16%
Antofagasta
14%
Al-Ain
12%
Miskolc
12%
Adschman
9%
Angeles
9%
Cagayan de Oro
7%
Concepción
5%
La Serena
5%
Keine übereinstimmenden Quizze gefunden
Verteilung der Resultate
Anzahl Personen mit jedem Resultat
Perzentil nach korrekt beantworteten Fragen
Ihre Resultats-Entwicklung
Sie haben dieses Quiz noch nicht gespielt